| 000 | 00987cab a2200301 4500 | ||
|---|---|---|---|
| 001 | ABS50141 | ||
| 008 | 090401t1994 xxu||||| |||| 00| 0 eng d | ||
| 035 | _a(Sirsi) u74371 | ||
| 041 | _aeng | ||
| 100 | _aPryke, M. | ||
| 245 | 3 | _aAn overview of mortgage-backed securitisation in the UK | |
| 260 | _c1994 | ||
| 350 | _a0 | ||
| 490 |
_aHousing Studies _v9(1) January 1994, 75-101(27) |
||
| 520 | _aExamines the changes in financing techniques since deregulation in the 1980s and the development of mortgage-backed securitisation in the UK and prospects for the involvement of building societies. | ||
| 650 | _aBANK LENDING | ||
| 650 | _aBUILDING SOCIETIES | ||
| 650 | _aDEREGULATION | ||
| 650 | _aHOUSING FINANCE | ||
| 650 | _aMORTGAGE-BACKED SECURITISATION | ||
| 650 | _aMORTGAGES | ||
| 650 | _aSECURITISATION | ||
| 690 | _aPROPERTY-PROPERTY FINANCE AND INVESTMENT | ||
| 690 | _aHOUSING-FINANCE | ||
| 700 | _aWhitehead, C. | ||
| 942 | _n0 | ||
| 948 | _c04/03/1997 | ||
| 999 |
_c46936 _d46936 |
||